000 00826nam a2200253 a 4500
001 BRCA_816
005 20190320203149.0
008 880914s1987 nyua---##b---#001-0#eng-#
020 _a0500014027
040 _aDLC
_cDLC
_dDLC
041 _aengger
050 4 _aF3429.3
_b.A58 1987
100 1 _aAnton, Ferdinand
_92715
245 1 0 _aAncient Peruvian Textiles
_cFerdinand Anton ; translated from the German by Michael Heron.
260 _aLondres
_bThames and Hudson
_c1987
300 _a236 p.
_bil. (algunas a color)
_c31 cm.
500 _aIncluye índice alfabético
500 _aTraducción de : Altindianische Textilkunst aus Peru
504 _aBibliografía : p. 231-233
650 1 4 _aTextiles indígenas
_zPerú
_92716
650 1 4 _aArte indígena
_zPerú
_92717
700 1 _aHeron, Michael
_92718
942 _2lcc
_cB
999 _c711
_d711